Punjab portraits / (Record no. 330787)

000 -LEADER
fixed length control field 01126cam a2200301 a 4500
001 - CONTROL NUMBER
control field 2048003
003 - CONTROL NUMBER IDENTIFIER
control field NUST
005 - DATE AND TIME OF LATEST TRANSACTION
control field 20170807111304.0
008 - FIXED-LENGTH DATA ELEMENTS--GENERAL INFORMATION
fixed length control field 930311s1992 pk ab 000 0 eng
010 ## - LIBRARY OF CONGRESS CONTROL NUMBER
LC control number 92931409
020 ## - INTERNATIONAL STANDARD BOOK NUMBER
International Standard Book Number 9693501896 :
Terms of availability Rs295.00
025 ## - OVERSEAS ACQUISITION NUMBER
Overseas acquisition number P-E-024035 12/12-54
040 ## - CATALOGING SOURCE
Original cataloging agency DLC
Transcribing agency DLC
Modifying agency DLC
043 ## - GEOGRAPHIC AREA CODE
Geographic area code a-ii---
-- a-pk---
050 00 - LIBRARY OF CONGRESS CALL NUMBER
Classification number DS485.P165
Item number T34 1992
082 00 - DEWEY DECIMAL CLASSIFICATION NUMBER
Classification number 954.914
Author Mark TAH
100 1# - MAIN ENTRY--PERSONAL NAME
Personal name Tahir, M. Athar.
9 (RLIN) 3797
245 10 - TITLE STATEMENT
Title Punjab portraits /
Statement of responsibility, etc. M. Athar Tahir ; sketches by Sajid Qureshi.
260 ## - PUBLICATION, DISTRIBUTION, ETC.
Place of publication, distribution, etc. Lahore :
Name of publisher, distributor, etc. Sang-e-Meel Publications,
Date of publication, distribution, etc. 1992.
300 ## - PHYSICAL DESCRIPTION
Extent 274 p. :
Other physical details ill., map ;
Dimensions 23 cm.
504 ## - BIBLIOGRAPHY, ETC. NOTE
Bibliography, etc. note Includes bibliographical references.
520 ## - SUMMARY, ETC.
Summary, etc. Essays and articles about different aspects, particularly cultural diversity of the modern as well as the old Punjab.
651 #0 - SUBJECT ADDED ENTRY--GEOGRAPHIC NAME
Geographic name Punjab (India)
General subdivision Civilization.
9 (RLIN) 3798
906 ## - LOCAL DATA ELEMENT F, LDF (RLIN)
a 7
b cbc
c orignew
d 3
e ncip
f 19
g y-gencatlg
942 ## - ADDED ENTRY ELEMENTS (KOHA)
Source of classification or shelving scheme
Koha item type Book
Holdings
Withdrawn status Lost status Source of classification or shelving scheme Damaged status Not for loan Permanent Location Current Location Shelving location Date acquired Total Checkouts Full call number Barcode Date last seen Copy number Price effective from Koha item type
          Central Library (CL) Central Library (CL) Book Cart 08/07/2017   954.914 ATH CL2745 08/04/2020 1 08/07/2017 Book
© 2023 Central Library, National University of Sciences and Technology. All Rights Reserved.